[Event "Barcelona Martorell-ch 37th"]
[Site "Barcelona"]
[Date "2019.10.19"]
[Round "6"]
[White "Boyer Censore, Giuseppe Enmanuel"]
[Black "Gonzalez Rodriguez, Jorge Armando"]
[Result "1/2-1/2"]
[WhiteElo "2075"]
[BlackElo "2263"]
[PlyCount "94"]
[EventDate "2019.09.14"]
[EventType "swiss"]
[EventRounds "9"]
[EventCountry "ESP"]
[SourceTitle "CBM 193 Extra"]
[Source "ChessBase"]
[SourceDate "2020.01.31"]
[SourceVersion "1"]
[SourceVersionDate "2020.01.31"]
[SourceQuality "1"]

1. e4 e6 2. d4 d5 3. Nc3 Nf6 4. e5 Nfd7 5. f4 c5 6. Nf3 Nc6 7. Be3 Be7 8. Qd2 a6 9. Qf2 b6 10. Be2 0-0 11. 0-0 f6 12. Qg3 f5 13. Rad1 b5 14. dxc5 Nxc5 15. Qf2 Ne4 16. Nxe4 fxe4 17. Nd4 Nxe5 18. Qg3 Ng6 19. Nc6 Qc7 20. Nxe7+ Nxe7 21. Bg4 Nf5 22. Bxf5 Rxf5 23. Bd4 Qe7 24. b3 Bd7 25. c4 bxc4 26. bxc4 Bc6 27. c5 Bb5 28. Rf2 h6 29. Rb1 Rc8 30. Qc3 Kh7 31. Rb4 g5 32. a4 Bc6 33. fxg5 Rxf2 34. g6+ Kxg6 35. Bxf2 e5 36. Qh3 Rf8 37. Be3 Qg7 38. Rb6 Rf6 39. Qc8 Bxa4 40. Qxa6 Be8 41. Bxh6 Qf7 42. Bd2 d4 43. Qe2 e3 44. Qg4+ Kh6 45. Qh4+ Kg6 46. Qg4+ Kh6 47. Qh4+ Kg6 1/2-1/2

[Event "Barcelona Sants op 21st"]
[Site "Barcelona"]
[Date "2019.08.23"]
[Round "1"]
[White "Boyer Censore, Giuseppe Enmanuel"]
[Black "Harika, Dronavalli"]
[Result "1/2-1/2"]
[WhiteElo "2094"]
[BlackElo "2495"]
[PlyCount "100"]
[EventDate "2019.08.23"]
[EventType "swiss"]
[EventRounds "10"]
[EventCountry "ESP"]
[SourceTitle "EXT 2020"]
[Source "ChessBase"]
[SourceDate "2019.10.17"]
[SourceVersion "1"]
[SourceVersionDate "2019.10.17"]
[SourceQuality "1"]

1. e4 e6 2. d4 d5 3. Nc3 Bb4 4. e5 Qd7 5. Nf3 b6 6. a3 Bxc3+ 7. bxc3 Ne7 8. a4 Nbc6 9. Bd3 Bb7 10. 0-0 h6 11. Re1 Na5 12. Ba3 Nec6 13. Nd2 0-0-0 14. Qe2 Kb8 15. Bb5 Qc8 16. Rab1 Rdg8 17. Bb4 Ka8 18. Ra1 a6 19. Bd3 Ka7 20. Ra2 Qd7 21. Rb2 Rc8 22. Reb1 f6 23. Nb3 Nxb4 24. cxb4 Nc4 25. Ra2 fxe5 26. dxe5 Rhf8 27. a5 b5 28. Nc5 Qc6 29. Rd1 g5 30. Bxc4 dxc4 31. Nxb7 Kxb7 32. c3 Rcd8 33. Rad2 Rxd2 34. Rxd2 Rf4 35. f3 Rf7 36. Rd4 Rd7 37. Qd2 Rxd4 38. Qxd4 Qe8 39. Kf2 Kb8 40. Ke3 h5 41. h3 Qe7 42. g3 Qe8 43. Qe4 Qh8 44. Qd4 Qe8 45. Qe4 Qd8 46. Qd4 Qh8 47. Qe4 Qh6 48. Ke2 Qh8 49. Ke3 Qh6 50. Ke2 Qh8 1/2-1/2

[Event "Sant Adria de Besos op-A 3rd"]
[Site "Sant Adria de Besos"]
[Date "2019.08.14"]
[Round "1"]
[White "Boyer Censore, Giuseppe Enmanuel"]
[Black "Berdayes Ason, Dylan Isidro"]
[Result "1/2-1/2"]
[WhiteElo "2094"]
[BlackElo "2458"]
[PlyCount "101"]
[EventDate "2019.08.14"]
[EventType "swiss"]
[EventRounds "9"]
[EventCountry "ESP"]
[SourceTitle "EXT 2020"]
[Source "ChessBase"]
[SourceDate "2019.10.17"]
[SourceVersion "1"]
[SourceVersionDate "2019.10.17"]
[SourceQuality "1"]

1. e4 d6 2. d4 Nf6 3. Nc3 g6 4. f4 Bg7 5. Nf3 0-0 6. Bd3 Nc6 7. e5 dxe5 8. dxe5 Nd5 9. Nxd5 Qxd5 10. Qe2 Bf5 11. Bc4 Qe4 12. Qxe4 Bxe4 13. c3 Bxf3 14. gxf3 e6 15. Be3 Rfd8 16. Kf2 Ne7 17. Rad1 Nf5 18. Bd3 Bf8 19. Bxf5 exf5 20. Ke2 a6 21. Rd4 Rxd4 22. Bxd4 Rd8 23. Rd1 Bh6 24. Be3 Rxd1 25. Kxd1 Kf8 26. Ke2 Ke7 27. Kd3 Ke6 28. Kc4 Bg7 29. Kd3 Bf8 30. Bd4 Be7 31. c4 Bf8 32. Be3 h6 33. Bd4 g5 34. Ke3 Be7 35. h3 b5 36. b3 bxc4 37. bxc4 Ba3 38. Kd2 gxf4 39. Kc2 Bf8 40. Kb3 Bg7 41. Kb4 Bxe5 42. Bf2 Kd6 43. Ka5 Bc3+ 44. Kxa6 Kc6 45. a4 Bd2 46. Bd4 h5 47. a5 Be3 48. Ba7 Bc1 49. Bd4 Bd2 50. Ba7 Be3 51. Bb8 1/2-1/2

[Event "Porlamar FVA Zona Oriental 2nd"]
[Site "Porlamar"]
[Date "2016.11.13"]
[Round "7.1"]
[White "Boyer Censore, Giuseppe Enmanuel"]
[Black "Palomo, Franklin Annervys"]
[Result "0-1"]
[WhiteElo "2068"]
[BlackElo "2285"]
[PlyCount "134"]
[EventDate "2016.11.10"]
[EventType "swiss"]
[EventRounds "7"]
[EventCountry "VEN"]
[SourceTitle "EXT 2022"]
[Source "ChessBase"]
[SourceDate "2021.10.06"]
[SourceVersion "1"]
[SourceVersionDate "2021.10.06"]
[SourceQuality "1"]

1. e4 c5 2. Nf3 d6 3. d4 cxd4 4. Nxd4 Nf6 5. Nc3 e6 6. Bc4 Be7 7. 0-0 0-0 8. Bb3 Na6 9. f4 Nc5 10. e5 dxe5 11. fxe5 Nxb3 12. Nxb3 Qxd1 13. Rxd1 Ng4 14. Re1 Bd8 15. h3 Bb6+ 16. Kh1 Nh6 17. Be3 Bxe3 18. Rxe3 Bd7 19. Rd3 Bc6 20. Nd4 Rac8 21. Rad1 Nf5 22. Nxc6 Rxc6 23. Rd7 Rb6 24. b3 h5 25. Ne4 Rb5 26. Nd6 Rxe5 27. Nxf5 Rxf5 28. Rxb7 a5 29. a4 Rf2 30. Rc7 Rb8 31. Kg1 Rf5 32. Rdd7 Rb4 33. Rb7 Re4 34. Rd2 h4 35. Rb8+ Kh7 36. Kh2 Rf1 37. Rb5 f5 38. g3 hxg3+ 39. Kxg3 Re3+ 40. Kg2 Rff3 41. Re5 Rg3+ 42. Kf2 Rxe5 43. Kxg3 g5 44. Rd3 Kg6 45. c4 Rc5 46. Rd6 Kf6 47. Rb6 Re5 48. Kf3 f4 49. Rb5 Re3+ 50. Kg2 e5 51. Rxa5 Rxb3 52. Rb5 Rc3 53. c5 e4 54. a5 Rc2+ 55. Kf1 f3 56. c6 e3 57. Rb1 Kf5 58. a6 Rxc6 59. Ra1 Rc8 60. a7 Ra8 61. Ra4 g4 62. hxg4+ Kg5 63. Re4 Rxa7 64. Rxe3 Kf4 65. Re8 Kg3 66. Ke1 f2+ 67. Ke2 Ra2+ 0-1

[Event "Oranjestad Aruba Challenge op"]
[Site "Oranjestad"]
[Date "2016.10.08"]
[Round "5.2"]
[White "Boyer Censore, Giuseppe Enmanuel"]
[Black "Mora Moron, Jose Ramon"]
[Result "0-1"]
[WhiteElo "2080"]
[BlackElo "2190"]
[PlyCount "116"]
[EventDate "2016.10.06"]
[EventType "swiss"]
[EventRounds "7"]
[EventCountry "ARN"]
[SourceTitle "EXT 2024"]
[Source "ChessBase"]
[SourceDate "2023.10.10"]
[SourceVersion "1"]
[SourceVersionDate "2023.10.10"]
[SourceQuality "1"]

1. e4 c5 2. Nf3 e6 3. d4 cxd4 4. Nxd4 Nc6 5. Nb5 d6 6. c4 Nf6 7. N1c3 a6 8. Nd4 Qc7 9. Be3 Be7 10. Be2 0-0 11. 0-0 Re8 12. Rc1 Ne5 13. f3 b6 14. Qd2 Bb7 15. Rfd1 Rad8 16. Bf1 Qb8 17. Qf2 Ba8 18. Nc2 Ned7 19. b4 Rc8 20. Bd4 Bd8 21. Na1 Be7 22. g3 Bd8 23. Nb3 Be7 24. a3 Bd8 25. Rc2 Bc6 26. Be3 Ba8 27. Bf4 Be7 28. Qd2 Ne5 29. Bxe5 dxe5 30. Rcc1 Red8 31. Qe1 Rxd1 32. Rxd1 a5 33. Nb5 axb4 34. axb4 Bc6 35. Na3 Ba4 36. Rb1 Qd6 37. Nc2 h5 38. Rd1 Qc7 39. Qe3 Nh7 40. h4 Nf8 41. Kh2 Ng6 42. Ra1 Qd7 43. Kg1 Bxb4 44. Nxb4 Bxb3 45. Qxb6 Bxc4 46. Rc1 Bxf1 47. Rxc8+ Qxc8 48. Kxf1 Qc1+ 49. Kg2 Qd2+ 50. Kg1 Qe2 51. Qf2 Qc4 52. Nc2 Ne7 53. Ne3 Qc1+ 54. Kg2 Nc6 55. Nc2 Qd1 56. Ne3 Qd3 57. Nf1 Nd4 58. Qe3 Qd1 0-1

[Event "Oranjestad Aruba Challenge op"]
[Site "Oranjestad"]
[Date "2016.10.07"]
[Round "3.3"]
[White "Croes, Octavio"]
[Black "Boyer Censore, Giuseppe Enmanuel"]
[Result "0-1"]
[WhiteElo "1850"]
[BlackElo "2080"]
[PlyCount "60"]
[EventDate "2016.10.06"]
[EventType "swiss"]
[EventRounds "7"]
[EventCountry "ARN"]
[SourceTitle "EXT 2024"]
[Source "ChessBase"]
[SourceDate "2023.10.10"]
[SourceVersion "1"]
[SourceVersionDate "2023.10.10"]
[SourceQuality "1"]

1. d4 Nf6 2. c4 e6 3. Nf3 b6 4. g3 Bb7 5. Bg2 c5 6. 0-0 cxd4 7. Nxd4 Bxg2 8. Kxg2 Qc8 9. Qd3 Nc6 10. Nxc6 Qxc6+ 11. Kg1 Rc8 12. b3 Be7 13. Bb2 0-0 14. Nc3 a6 15. e4 d6 16. Rad1 Rfd8 17. Qe2 b5 18. cxb5 axb5 19. e5 dxe5 20. Qxe5 b4 21. Nb5 Qa6 22. Rxd8+ Rxd8 23. Ra1 Bf8 24. a4 bxa3 25. Bxa3 Bxa3 26. Rxa3 Rd1+ 27. Kg2 Qb7+ 28. Kh3 Rd5 29. Ra7 Qxb5 30. Ra8+ Ne8 0-1

[Event "Carabobo-ch Expertos y Maestros"]
[Site "Valencia"]
[Date "2016.10.02"]
[Round "4.3"]
[White "Boyer Censore, Giuseppe Enmanuel"]
[Black "Camargo Picon, Josue Fernando"]
[Result "1-0"]
[WhiteElo "2078"]
[BlackElo "1752"]
[PlyCount "55"]
[EventDate "2016.10.01"]
[EventType "swiss"]
[EventRounds "5"]
[EventCountry "VEN"]
[SourceTitle "EXT 2022"]
[Source "ChessBase"]
[SourceDate "2021.10.06"]
[SourceVersion "1"]
[SourceVersionDate "2021.10.06"]
[SourceQuality "1"]

1. e4 Nc6 2. d4 d5 3. Nc3 dxe4 4. d5 Nb8 5. Nxe4 Nf6 6. Nxf6+ exf6 7. Nf3 Bd6 8. Bb5+ Bd7 9. Qe2+ Qe7 10. Qxe7+ Kxe7 11. Bxd7 Nxd7 12. Be3 Rhe8 13. 0-0-0 Nb6 14. Nd4 Nc4 15. Nf5+ Kf8 16. Nxd6 Nxd6 17. Rhe1 b6 18. b3 Rac8 19. c4 c6 20. Bf4 Red8 21. Kb2 h5 22. dxc6 Rxc6 23. Rd5 g5 24. Bd2 Nb7 25. Bb4+ Kg7 26. Re7 Nd6 27. Rxa7 Nc8 28. Rxf7+ 1-0

[Event "San Juan Bello Memorial U2200 2nd"]
[Site "San Juan de Los Morros"]
[Date "2016.09.17"]
[Round "2.10"]
[White "Boyer Censore, Giuseppe Enmanuel"]
[Black "Escalona Landi, Samid Eduardo"]
[Result "1-0"]
[WhiteElo "2065"]
[BlackElo "1780"]
[PlyCount "51"]
[EventDate "2016.09.17"]
[EventType "swiss"]
[EventRounds "5"]
[EventCountry "VEN"]
[SourceTitle "EXT 2022"]
[Source "ChessBase"]
[SourceDate "2021.10.06"]
[SourceVersion "1"]
[SourceVersionDate "2021.10.06"]
[SourceQuality "1"]

1. e4 c5 2. Nf3 Nc6 3. d4 cxd4 4. Nxd4 Qb6 5. Nb3 Nf6 6. Nc3 e6 7. Be3 Qc7 8. a3 d6 9. Be2 Be7 10. 0-0 a6 11. Nd4 0-0 12. f4 Nxd4 13. Bxd4 e5 14. Be3 Be6 15. f5 Bc4 16. Bxc4 Qxc4 17. Bg5 Qd4+ 18. Kh1 Rac8 19. Qf3 d5 20. exd5 Qb6 21. Rab1 e4 22. Nxe4 Nxe4 23. Bxe7 Nd2 24. Qg4 Rfe8 25. f6 g6 26. Qf4 1-0

[Event "Porlamar Cup La Nueva Conferry 1st"]
[Site "Porlamar"]
[Date "2016.08.28"]
[Round "7.1"]
[White "Boyer Censore, Giuseppe Enmanuel"]
[Black "Perez Sanchez, Ricardo Jose"]
[Result "1/2-1/2"]
[WhiteElo "2065"]
[BlackElo "1978"]
[PlyCount "54"]
[EventDate "2016.08.25"]
[EventType "swiss"]
[EventRounds "7"]
[EventCountry "VEN"]
[SourceTitle "EXT 2022"]
[Source "ChessBase"]
[SourceDate "2021.10.06"]
[SourceVersion "1"]
[SourceVersionDate "2021.10.06"]
[SourceQuality "1"]

1. e4 e5 2. Nf3 Nc6 3. d4 exd4 4. Nxd4 Bc5 5. Nb3 Bb6 6. Nc3 Qf6 7. Qe2 Nge7 8. Be3 Nd4 9. Qd2 Nxb3 10. axb3 0-0 11. 0-0-0 Bxe3 12. Qxe3 Ng6 13. Nd5 Qd8 14. Qg3 d6 15. h4 Be6 16. Ne3 Re8 17. f4 Bd7 18. h5 Nf8 19. Bd3 a5 20. f5 h6 21. Rh4 Nh7 22. Rg4 Ng5 23. Nd5 a4 24. bxa4 Rxa4 25. Nc3 Ra1+ 26. Kd2 Rxd1+ 27. Nxd1 Bc6 1/2-1/2

[Event "Porlamar Mata Figueroa Memorial"]
[Site "Porlamar"]
[Date "2015.08.27"]
[Round "7"]
[White "Blanco Bautista, Jesus Antonio"]
[Black "Boyer Censore, Giuseppe Enmanuel"]
[Result "0-1"]
[WhiteElo "1743"]
[BlackElo "2107"]
[PlyCount "54"]
[EventDate "2015.08.22"]
[EventType "swiss"]
[EventRounds "9"]
[EventCountry "VEN"]
[SourceTitle "EXT 2018"]
[Source "ChessBase"]
[SourceDate "2017.10.13"]
[SourceVersion "1"]
[SourceVersionDate "2017.10.13"]
[SourceQuality "1"]

1. e4 c5 2. f4 Nc6 3. Nf3 d6 4. Bb5 Bd7 5. 0-0 Nf6 6. Nc3 a6 7. Be2 g6 8. d3 Bg7 9. h3 0-0 10. Qe1 Nd4 11. Nxd4 cxd4 12. Nd1 Rc8 13. c3 dxc3 14. Nxc3 b5 15. Bd1 b4 16. Ne2 Qb6+ 17. Kh2 Qb5 18. Rf3 Rc7 19. Nd4 Ng4+ 20. hxg4 Bxd4 21. Rh3 Rfc8 22. Bb3 Bxg4 23. Rg3 Qh5+ 24. Rh3 Bxh3 25. gxh3 Qf3 26. Bc4 Bf2 27. Qd2 Qg3+ 0-1

[Event "Sala de Conferencias IPASM op 1er"]
[Site "Venezuela"]
[Date "2015.05.16"]
[Round "5.1"]
[White "Boyer Censore, Giuseppe Enmanuel"]
[Black "Zanette, Edgard Vinicius"]
[Result "1-0"]
[WhiteElo "2136"]
[BlackElo "2161"]
[PlyCount "63"]
[EventDate "2015.05.14"]
[EventType "swiss"]
[EventRounds "7"]
[EventCountry "VEN"]
[SourceTitle "EXT 2022"]
[Source "ChessBase"]
[SourceDate "2021.10.06"]
[SourceVersion "1"]
[SourceVersionDate "2021.10.06"]
[SourceQuality "1"]

1. e4 e5 2. Nf3 Nc6 3. d4 exd4 4. Nxd4 Bc5 5. Nb3 Bb6 6. Nc3 Nf6 7. a4 a6 8. Be2 d6 9. 0-0 h6 10. Nd2 0-0 11. Nc4 Bd4 12. Bf3 Re8 13. Re1 Be6 14. Nd5 Rb8 15. a5 Bxd5 16. exd5 Rxe1+ 17. Qxe1 Ne7 18. Qd1 Ba7 19. Qd3 Qd7 20. Bf4 Qb5 21. Rd1 Ng6 22. Bg3 Re8 23. b3 Bc5 24. h4 Bb4 25. Ra1 Re1+ 26. Rxe1 Bxe1 27. h5 Nf8 28. Qe3 Bxa5 29. Qe7 Nxd5 30. Qd8 Bc3 31. Nxd6 Bf6 32. Qxf8+ 1-0

[Event "Sala de Conferencias IPASM op 1er"]
[Site "Venezuela"]
[Date "2015.05.15"]
[Round "2.4"]
[White "Aumaitre Rojas, Nairymar Nazaret"]
[Black "Boyer Censore, Giuseppe Enmanuel"]
[Result "0-1"]
[WhiteElo "1574"]
[BlackElo "2136"]
[PlyCount "38"]
[EventDate "2015.05.14"]
[EventType "swiss"]
[EventRounds "7"]
[EventCountry "VEN"]
[SourceTitle "EXT 2022"]
[Source "ChessBase"]
[SourceDate "2021.10.06"]
[SourceVersion "1"]
[SourceVersionDate "2021.10.06"]
[SourceQuality "1"]

1. e4 c5 2. Nf3 e6 3. Nc3 Nc6 4. Bc4 Nf6 5. d3 d5 6. exd5 exd5 7. Bb5 Qd6 8. Bg5 Be7 9. Qe2 0-0 10. 0-0-0 Bg4 11. h3 Nd4 12. Qe3 Bxf3 13. gxf3 a6 14. Bf4 Qe6 15. Qxe6 Nxe6 16. Be5 axb5 17. Bxf6 Bxf6 18. Nxb5 Bh4 19. Kb1 Bxf2 0-1

[Event "Gibraltar Masters 13th"]
[Site "Caleta"]
[Date "2015.02.05"]
[Round "10"]
[White "Boyer Censore, Giuseppe Enmanuel"]
[Black "Soumya, Swaminathan"]
[Result "1/2-1/2"]
[WhiteElo "1960"]
[BlackElo "2346"]
[PlyCount "98"]
[EventDate "2015.01.27"]
[EventType "swiss"]
[EventRounds "10"]
[EventCountry "GGB"]
[SourceTitle "CBM 165"]
[Source "ChessBase"]
[SourceDate "2015.03.11"]
[SourceVersion "1"]
[SourceVersionDate "2015.03.11"]
[SourceQuality "1"]

1. e4 c5 2. Nf3 Nc6 3. d4 cxd4 4. Nxd4 Qb6 5. Nb3 Nf6 6. Nc3 e6 7. a3 Qc7 8. Be3 a6 9. f3 b5 10. Be2 Be7 11. Qd2 0-0 12. g4 Rd8 13. g5 Ne8 14. 0-0-0 Rb8 15. Bf4 d6 16. h4 b4 17. axb4 Nxb4 18. Kb1 e5 19. Be3 d5 20. Nxd5 Rxd5 21. exd5 Bf5 22. Rc1 a5 23. Rhd1 Qd7 24. Nc5 Bxc5 25. Bxc5 Qa4 26. Bc4 Nxc2 27. Rxc2 Qxc4 28. Ba3 Rc8 29. Rdc1 Rd8 30. Ka1 Bxc2 31. Rxc2 Qa4 32. h5 Nd6 33. g6 hxg6 34. hxg6 fxg6 35. Qg5 Rf8 36. Kb1 Qd7 37. Qxe5 Rf6 38. Bxd6 Rxd6 39. Rd2 Qf5+ 40. Qe4 Kf7 41. Kc2 Qc8+ 42. Kb1 Qd7 43. Ka1 Kg8 44. Qc4 g5 45. Qc5 Qa4+ 46. Kb1 Rh6 47. Qc8+ Kf7 48. Qf5+ Kg8 49. Qc8+ Kf7 1/2-1/2

[Event "Gibraltar Masters 13th"]
[Site "Caleta"]
[Date "2015.02.04"]
[Round "9"]
[White "Blomqvist, Erik"]
[Black "Boyer Censore, Giuseppe Enmanuel"]
[Result "1-0"]
[WhiteElo "2520"]
[BlackElo "1960"]
[PlyCount "88"]
[EventDate "2015.01.27"]
[EventType "swiss"]
[EventRounds "10"]
[EventCountry "GGB"]
[SourceTitle "CBM 165"]
[Source "ChessBase"]
[SourceDate "2015.03.11"]
[SourceVersion "1"]
[SourceVersionDate "2015.03.11"]
[SourceQuality "1"]

1. e4 c5 2. Nf3 e6 3. g3 Nc6 4. Bg2 Nf6 5. Qe2 Qc7 6. 0-0 d6 7. c3 Be7 8. d4 0-0 9. dxc5 dxc5 10. e5 Nd7 11. Bf4 Rd8 12. h4 Nb6 13. Nbd2 h6 14. c4 Nb4 15. Ne1 Bd7 16. Ne4 Bc6 17. b3 Bf8 18. a3 Na6 19. h5 Rd7 20. Nc2 Kh8 21. Ne3 Rad8 22. Ng4 Bxe4 23. Bxe4 Nc8 24. Rad1 Ne7 25. Rxd7 Qxd7 26. Ne3 b6 27. Qf3 Kg8 28. Rd1 Qe8 29. Bc2 Nb8 30. Rd6 Nec6 31. Qe4 g6 32. Ng4 Bg7 33. Bxh6 Bh8 34. hxg6 fxg6 35. Rxd8 Nxd8 36. Bg5 Nbc6 37. Bf6 Bg7 38. Bxg7 Kxg7 39. Qf4 Qf8 40. Qh6+ Kf7 41. Bxg6+ Ke7 42. Qh7+ Nf7 43. Nh6 Ncd8 44. Nxf7 Nxf7 1-0

[Event "Gibraltar Challengers-B 13th"]
[Site "Caleta"]
[Date "2015.02.01"]
[Round "2"]
[White "Osuna Vega, Enrique"]
[Black "Boyer Censore, Giuseppe Enmanuel"]
[Result "0-1"]
[WhiteElo "2108"]
[BlackElo "1960"]
[PlyCount "150"]
[EventDate "2015.01.31"]
[EventType "swiss"]
[EventRounds "5"]
[EventCountry "GGB"]
[SourceTitle "CBM 164 Extra"]
[Source "ChessBase"]
[SourceDate "2015.03.02"]
[SourceVersion "1"]
[SourceVersionDate "2015.03.02"]
[SourceQuality "1"]

1. d4 e6 2. Nf3 c5 3. g3 Nf6 4. Bg2 cxd4 5. 0-0 Be7 6. Nxd4 a6 7. e4 Qc7 8. Nc3 d6 9. Re1 0-0 10. f4 Nfd7 11. Kh1 Nc6 12. Nb3 Re8 13. Be3 b5 14. a3 Bb7 15. Qd2 Nb6 16. Bxb6 Qxb6 17. Ne2 Rac8 18. c3 Red8 19. Ned4 Ne5 20. fxe5 dxe5 21. Qf2 exd4 22. cxd4 a5 23. Rad1 Bc6 24. Rf1 Be8 25. Nc5 e5 26. b4 axb4 27. axb4 Rxd4 28. Rxd4 exd4 29. Rc1 Bxc5 30. Qc2 d3 31. Qxd3 Rd8 32. bxc5 Qxc5 33. Rxc5 Rxd3 34. Bf1 Rd1 35. Kg2 Rb1 36. Bd3 Rb3 37. Bc2 Rb2 38. Kf3 Kf8 39. Rc7 Bd7 40. Rxd7 Rxc2 41. Rb7 Rb2 42. h4 h5 43. e5 Rb4 44. Ke3 Rg4 45. Kf3 b4 46. Ra7 Kg8 47. Rb7 Rc4 48. Ke3 Rc3+ 49. Kf4 b3 50. Rb4 Kh7 51. g4 hxg4 52. Kxg4 Kh6 53. Rb6+ g6 54. Rb7 Rc4+ 55. Kg3 Re4 56. Rxf7 Rb4 57. Rf1 b2 58. Rb1 Kg7 59. Kf3 Kf7 60. Ke3 Ke6 61. Kd3 Kxe5 62. Kc2 Rxh4 63. Re1+ Re4 64. Rg1 Rb4 65. Kb1 Kf6 66. Rf1+ Kg7 67. Rg1 Rb5 68. Rg2 g5 69. Rg1 Kg6 70. Rg2 Rb4 71. Rc2 g4 72. Rc8 Kg5 73. Rg8+ Kh4 74. Rh8+ Kg3 75. Rd8 Rb3 0-1

[Event "Gibraltar Masters 13th"]
[Site "Caleta"]
[Date "2015.01.28"]
[Round "2"]
[White "Boyer Censore, Giuseppe Enmanuel"]
[Black "Byron, Alan M"]
[Result "1/2-1/2"]
[WhiteElo "1960"]
[BlackElo "2188"]
[PlyCount "94"]
[EventDate "2015.01.27"]
[EventType "swiss"]
[EventRounds "10"]
[EventCountry "GGB"]
[SourceTitle "CBM 165"]
[Source "ChessBase"]
[SourceDate "2015.03.11"]
[SourceVersion "1"]
[SourceVersionDate "2015.03.11"]
[SourceQuality "1"]

1. e4 c6 2. d4 d5 3. exd5 cxd5 4. c4 Nf6 5. Nc3 e6 6. Nf3 Bb4 7. Bd2 Nc6 8. c5 Ne4 9. Bd3 Nxd2 10. Qxd2 e5 11. Nxe5 Nxe5 12. Qe2 0-0 13. dxe5 d4 14. a3 Ba5 15. b4 dxc3 16. bxa5 Qxa5 17. 0-0 Qxc5 18. Kh1 Be6 19. f4 Rac8 20. Qe4 g6 21. f5 Bc4 22. e6 Bxd3 23. Qxd3 fxe6 24. fxg6 Rxf1+ 25. Rxf1 Qe7 26. h3 Qg7 27. gxh7+ Kh8 28. Rc1 b6 29. Qe2 Qg5 30. Rc2 Qf5 31. Qd1 Qd5 32. Qf1 Qe5 33. Qd1 Qd5 34. Qf1 Qe5 35. Qd1 Rf8 36. Qd3 Qe1+ 37. Kh2 Qe5+ 38. Kh1 Qe1+ 39. Kh2 Qe5+ 40. Kh1 Rc8 41. Qd1 Qf6 42. Qd3 Rc5 43. Qg3 Kxh7 44. Rf2 Rf5 45. Rc2 Rc5 46. Rf2 Rf5 47. Rc2 Rc5 1/2-1/2

[Event "Gibraltar Challengers-A 13th"]
[Site "Caleta"]
[Date "2015.01.26"]
[Round "1"]
[White "Boyer Censore, Giuseppe Enmanuel"]
[Black "Daneri, Martin"]
[Result "0-1"]
[WhiteElo "1960"]
[BlackElo "2123"]
[PlyCount "124"]
[EventDate "2015.01.26"]
[EventType "swiss"]
[EventRounds "5"]
[EventCountry "GGB"]
[SourceTitle "CBM 164 Extra"]
[Source "ChessBase"]
[SourceDate "2015.03.02"]
[SourceVersion "1"]
[SourceVersionDate "2015.03.02"]
[SourceQuality "1"]

1. e4 e6 2. d4 d5 3. Nc3 Bb4 4. e5 c5 5. a3 Bxc3+ 6. bxc3 Ne7 7. Qg4 Ng6 8. Bd3 Qa5 9. Bd2 Qa4 10. Qd1 b6 11. Nf3 Ba6 12. 0-0 Nc6 13. Be3 Bxd3 14. cxd3 Qxd1 15. Rfxd1 cxd4 16. cxd4 h6 17. Nd2 Na5 18. Rdc1 Kd7 19. Kf1 Rhc8 20. Ke2 Rxc1 21. Rxc1 Rc8 22. Kd1 Rxc1+ 23. Kxc1 Kc6 24. Kc2 Kb5 25. Nb1 Nh4 26. g3 Nf5 27. Nc3+ Ka6 28. Ne2 g5 29. g4 Nh4 30. Ng3 Nc6 31. Nh5 Nf3 32. Kc3 Nxh2 33. Nf6 Ne7 34. f4 Nf3 35. fxg5 hxg5 36. Nh7 Nc6 37. Nxg5 Nxg5 38. Bxg5 Kb5 39. Bh6 Ka4 40. Bf8 a5 41. Bd6 Na7 42. Kd2 Nb5 43. Ke3 Nxa3 44. Kf4 b5 45. Kg5 b4 46. Kf6 b3 47. Kxf7 b2 48. g5 b1Q 49. g6 Qxd3 50. g7 Qf5+ 51. Ke7 Qg6 52. Kf8 Nb5 53. g8Q Qxg8+ 54. Kxg8 Nxd4 55. Kf7 Kb5 56. Ba3 a4 57. Bb2 Kc4 58. Kf6 Kd3 59. Ba3 Ke4 60. Bd6 Nc6 61. Kxe6 d4 62. Kf6 d3 0-1